00000000nam##2200000za#4500
0019.664691
003CaOODSP
00520210615121758
007ta
008150407|1960||||xxc|||||     f|0| 0 eng|d
040 |aCaOODSP|beng
041 |aeng
041 |afre
043 |an-cn---
0861 |aCH37-4/5-1960
1101 |aCanada.|bCanadian Heritage. |bHuman Rights Directorate.
24510|aCanadian Bill of Rights
260 |aOttawa - Ontario : |bCanadian Heritage. |c1960.
300 |a1 sheet. ; |c45 cm.
546 |aBiligual.
563 |aPoster
590 |a03-19|b2003-05-09
69007|aHuman rights|2gcpds
7760#|tDéclaration canadienne des droits |w(CaOODSP)9.682162
7760#|tCanadian Bill of Rights |w(CaOODSP)9.648910
792 |tDéclaration canadienne des droits |efre|w(CaOODSP)9.664692